Koncepcia udržateľného rozvoja v účtovníctve

Základné piliere udržateľného rozvoja spoločnosti. Fenomén udržateľného rozvoja. Environmentálna politika Európskej únie. Stručný vývoj tejto politiky. Udržateľný rozvoj v Slovenskej republike. Udržateľný rozvoj na úrovni podniku. Systém environmentálne orientovaného riadenia a auditu (EMAS). Enviro...

ver descrição completa

Na minha lista:
Detalhes bibliográficos
Autor principal: Dubielová, Veronika
Formato: Capítulo de Livro
Idioma:eslovaco
Assuntos:
Tags: Adicionar Tag
Sem tags, seja o primeiro a adicionar uma tag!

MARC

LEADER 00000nla$a2200000$$$4500
001 0125060
005 20240502072425.0
041 0 |a slo 
044 |a SK 
245 1 0 |a Koncepcia udržateľného rozvoja v účtovníctve  |c Veronika Dubielová 
520 |a Základné piliere udržateľného rozvoja spoločnosti. Fenomén udržateľného rozvoja. Environmentálna politika Európskej únie. Stručný vývoj tejto politiky. Udržateľný rozvoj v Slovenskej republike. Udržateľný rozvoj na úrovni podniku. Systém environmentálne orientovaného riadenia a auditu (EMAS). Environmentálne manažérske účtovníctvo. 
610 2 0 |a rozvoj trvalo udržateľný 
610 2 0 |a politika environmentálna 
610 2 0 |a ochrana prostredia životného 
610 2 0 |a rast hospodársky 
610 2 0 |a pokrok 
610 2 0 |a ochrana zdravia 
610 2 0 |a účtovníctvo ekologické 
100 1 |a Dubielová, Veronika